00410nam a2200157Ia 4500003000400000005001700004008004100021040000700062041000800069082001900077100001800096245006600114260004200180300001700222365001300239OSt20230421121832.0210423s2008 xx 000 0 und d cAL aeng a658 223bADHM aADHIKARY (M). aEconomic environment of business: theory and the Indian case. aNew DelhibSultan Chand & Sonsc2008 axvi,840,viii b265cINR